000 00459nam a22001697a 4500
008 151111b xxu||||| |||| 00| 0 eng d
020 _a9781426642630
020 _a1426642636
041 0 _aeng
080 _a940
245 1 0 _aExploring the european past:
_cedited by: Timothy E. Gregory;
250 _a2nd. ed.
260 _aOhio:
_bCengage learning:
_c2008.
300 _a294 f.;
_c22 cm.
650 0 _aHistoria
_zEuropa
942 _2udc
_cBK
999 _c1356
_d1356